000 00502nam a2200193Ia 4500
005 20250923144336.0
008 008 250917s9999 xx 000 0 eng d
037 _aTextual
040 _aDSWL
_beng
_cDSWL
041 _aeng
_2eng
084 _aL:5, H9
_qDSWL
245 0 _aEcology of health
_cEd.by E.H.L. Corwin
260 _aNew York
_b Commonwealth Fund
_c1949
300 _a196 p.
365 _aUSD
_b2.5
925 _g2.5
942 _cTEXL
_hL:5, H9
999 _c1437684
_d1437684